000
00306nam a22001337a 4500
008
170222b xxu||||| |||| 00| 0 eng d
020
_a
0721657419
041
_a
eng
080
_2
10 ED
_a
616 31
100
_a
5
101
_a
SHS
245
_a
SCIENCE OF DENTAL MATERIALS
_c
ANUSAVICE .K .J
942
_2
udc
_c
BK
999
_c
6034
_d
6034